Central Library OPAC University of Rajshahi

Toxic phosphorus esters : (Record no. 10381)

MARC details
000 -LEADER
fixed length control field 00776nam a22002532 4500
001 - CONTROL NUMBER
control field 10381
003 - CONTROL NUMBER IDENTIFIER
rucl marc code BD-RjUL
005 - DATE AND TIME OF LATEST TRANSACTION
control field 20211208234937.0
008 - FIXED-LENGTH DATA ELEMENTS--GENERAL INFORMATION
fixed length control field 140123s1960 nyua 001 0 eng c
035 ## - SYSTEM CONTROL NUMBER
System control number (BD-RjUL)10429
040 ## - CATALOGING SOURCE
Original cataloging agency DLC/ICU
Transcribing agency CGU
Modifying agency BD-RjUL
Language of cataloging eng
041 ## - LANGUAGE CODE
Language code of text/sound track or separate title eng
082 00 - DEWEY DECIMAL CLASSIFICATION NUMBER
Classification number 547.47
Author mark and year OBT 1960
100 1# - MAIN ENTRY--PERSONAL NAME
Personal name O'Brien, R. D.
Fuller form of name (Richard D.)
9 (RLIN) 32094
245 10 - TITLE STATEMENT
Title Toxic phosphorus esters :
Remainder of title chemistry, metabolism, and biological effects /
Statement of responsibility, etc. R. D. O'Brien.
260 ## - PUBLICATION, DISTRIBUTION, ETC. (IMPRINT)
Place of publication, distribution, etc. New York :
Name of publisher, distributor, etc. Academic Press,
Date of publication, distribution, etc. c1960.
300 ## - PHYSICAL DESCRIPTION
Pagination 434 p. :
Illustrations illus. ;
Size 24 cm.
504 ## - BIBLIOGRAPHY, ETC. NOTE
Bibliography, etc Includes index.
650 #0 - SUBJECT ADDED ENTRY--TOPICAL TERM
Topical term or geographic name as entry element Organophosphorus compounds.
9 (RLIN) 32095
Topical term or geographic name as entry element Phosphorus
General subdivision Toxicology.
9 (RLIN) 32096
942 ## - ADDED ENTRY ELEMENTS (KOHA)
Source of classification or shelving scheme Dewey Decimal Classification
Koha item type Books
Holdings
Lost status Source of classification or shelving scheme Damaged status Not for loan Collection code Permanent Location Current Location Shelving location Date acquired Source of acquisition Cost, normal purchase price Total Checkouts Full call number Date last seen Copy number Koha item type
  Dewey Decimal Classification   Not For Loan Non-fiction Central Library, University of Rajshahi Central Library, University of Rajshahi Reading Room 25/04/1968 Zeitlinger 137.60   547.47 OBT 1960 23/01/2014 C-1 Books